Tilastot visalle Parhaat Mäkihyppääjät

Klikkaa tästä pelataksesi tätä visaa!

Yleistilastot

  • Tätä visaa on pelattu 58 kertaa
  • Keskiarvotulos 7 / 15

Vastaustilastot

MaaVoitotMäkihyppääjä% Oikein
Suomi38Janne Ahonen
100%
Suomi51Matti Nykänen
96%
Puola43Adam Małysz
62%
Itävalta55Gregor Schlierenzauer
57%
Puola40Kamil Stoch
55%
Saksa37Jens Weißflog
51%
Sveitsi29Simon Ammann
49%
Itävalta25Thomas Morgenstern
49%
Saksa30Martin Schmitt
45%
Slovenia24Peter Prevc
43%
Itävalta21Andreas Goldberger
38%
Itävalta23Stefan Kraft
34%
Saksa20Sven Hannawald
30%
Saksa24Severin Freund
23%
Itävalta27Andreas Felder
17%

Tulosjakauma

Persentiili vastausten määrän mukaan

Jokaisen tuloksen saaneiden osuus

Tuloshistoriasi

Et ole pelannut tätä visaa